| 000 | 00926nam a2200229Ii 4500 | ||
|---|---|---|---|
| 003 | JO-AjNU | ||
| 008 | 230605s9999||||xx |||||||||||||| ||und|| | ||
| 017 | _a2006/4462 | ||
| 020 | _a977-04-4931-8 | ||
| 040 |
_aJO-AjNU _bara _erda _cJO-AjNU |
||
| 041 | _aara | ||
| 050 | 1 | 4 | _aKRM642.2006 |
| 100 | 3 |
_a الشهاوى ، قدرى عبد الفتاح , _eauthor _932464 |
|
| 245 | 0 | 0 | _aشرح قانون التمويل العقاري رقم(148) لسنة 2001 ولائحتة التنفيذية الصادرة بالقرار رقم (1) لسنة 2001 والمعدلة بالقرار رقم 465 لسنة 2005 |
| 250 | _a(د،ط) | ||
| 264 | 3 | 1 | _aالقاهرة : دار الايمان ، 2006 |
| 300 | _a414ص | ||
| 336 |
_atext _btxt _2rdacontent |
||
| 337 |
_aunmediated _bn _2rdamedia |
||
| 338 |
_avolume _bnc _2rdacarrier |
||
| 650 | 4 |
_aالملكية العقارية -- قوانين وتشريعات -- مصر. _932465 |
|
| 999 |
_aA13109 _c16677 _d16677 |
||